000 00492nam a22001697a 4500
999 _c8343
_d8343
008 201113b ||||| |||| 00| 0 eng d
040 _aBMS College of Architecture
100 _aDilip, Medha
245 _aMiddle ground
300 _aNA
500 _a1BM15AT046
502 _8B,Arch
_NBMS College of Architecture, Visvesvaraya Technological University (VTU)
_aProject report
_d2019
650 _aGround
700 _aBhavesh Mehta
_eGuide
700 _aPrathima
_eGuide
942 _2ddc
_cTHE